Курсовые работы по теоретической механике : (Record no. 363903)
[ view plain ]
| 000 -LEADER | |
|---|---|
| fixed length control field | 01049nam a2200217 a 4500 |
| 001 - CONTROL NUMBER | |
| control field | 001133763 |
| 003 - CONTROL NUMBER IDENTIFIER | |
| control field | AM-YeHGA |
| 005 - DATE AND TIME OF LATEST TRANSACTION | |
| control field | 20250617152106.0 |
| 008 - FIXED-LENGTH DATA ELEMENTS--GENERAL INFORMATION | |
| fixed length control field | 160309s1976 ||| r 000 0 rus d |
| 040 ## - CATALOGING SOURCE | |
| Original cataloging agency | AM-YeHGA |
| 041 0# - LANGUAGE CODE | |
| Language code of text/sound track or separate title | rus |
| 090 ## - LOCALLY ASSIGNED LC-TYPE CALL NUMBER (OCLC); LOCAL CALL NUMBER (RLIN) | |
| -- | 365757 |
| 245 00 - TITLE STATEMENT | |
| Title | Курсовые работы по теоретической механике : |
| Remainder of title | Кинематика; Задания и методические указания / |
| Statement of responsibility, etc. | М.Е. Блинников, А.М. Бурлакова, М.Г. Григорьев и др.; Владимирский политехн. ин-т; Под общ. ред. М.Е. Блинникова. |
| 260 ## - PUBLICATION, DISTRIBUTION, ETC. | |
| Place of publication, distribution, etc. | Владимир : |
| Name of publisher, distributor, etc. | Б. и., |
| Date of publication, distribution, etc. | 1976. |
| 300 ## - PHYSICAL DESCRIPTION | |
| Extent | 72 с. : |
| Other physical details | ил. |
| 653 0# - INDEX TERM--UNCONTROLLED | |
| Uncontrolled term | Механика теоретическая - Курсовые работы |
| 700 1# - ADDED ENTRY--PERSONAL NAME | |
| Personal name | Блинников, М.Е. |
| Relator term | авт. |
| Relationship | aut |
| Relator term | ред. |
| Relationship | edt |
| 700 1# - ADDED ENTRY--PERSONAL NAME | |
| Personal name | Бурлакова, А.М. |
| 700 1# - ADDED ENTRY--PERSONAL NAME | |
| Personal name | Григорьев, М.Г. |
| 710 2# - ADDED ENTRY--CORPORATE NAME | |
| Corporate name or jurisdiction name as entry element | Владимирский политехнический институт |
| Withdrawn status | Lost status | Damaged status | Not for loan | Collection | Home library | Current library | Date acquired | Total checkouts | Full call number | Barcode | Date last seen | Price effective from | Koha item type | Public note |
|---|---|---|---|---|---|---|---|---|---|---|---|---|---|---|
| General | Fundamental Scientific Library | Fundamental Scientific Library | 11/01/2017 | РII/390594 | FL0384441 | 11/01/2017 | 11/01/2017 | Գրքեր / Books | 30 Days Loan |
ՀՀ Գիտությունների ազգային ակադեմիայի հիմնարար գիտական գրադարան = Fundamental Scientific Library of NAS RA
All site content, except where otherwise noted, is licensed under a